| 000 | 00740cam a2200205 4500 | ||
|---|---|---|---|
| 001 | ABS63800 | ||
| 008 | 000000n2001 000 0 eng u | ||
| 035 | _a(Sirsi) u112222 | ||
| 100 | _aBingham, T. | ||
| 245 | _aYou've been warned | ||
| 260 | _c2001 | ||
| 490 |
_aBuilding _v266(8179) 6 April 2001, 48-49(2) |
||
| 520 | _aDiscusses the decision in "Aurum Investments Ltd v Avonforce and others" and the issues the case raises about the duty of the subcontractor to warn about potential difficulties. | ||
| 590 | _aABS | ||
| 650 | _aSUBCONTRACTORS | ||
| 650 | _aAURUM INVESTMENTS LIMITED V AVONFORCE LTD (IN LIQUIDATION) AND OTHERS | ||
| 650 | _aDUTY TO WARN | ||
| 690 | _aBUILT ENVIRONMENT-BUILDING CONTRACT FORMS | ||
| 942 | _n0 | ||
| 999 |
_c66831 _d66831 |
||